Poznámky k některým problémům v oblasti restaurování

Bibliographic Details
Main Author: Nejedlý, Vratislav, 1950- (Author)
Format: Article
Language:Czech
PhysicalDescription:Obr. 5.
Subjects:

MARC

LEADER 00000nab a2200000 a 4500
001 vtls000407335
003 SK-MaSNL
005 20260305002434.0
008 230127c xo 0 cze
015 |a SNBRB19rr/mm-uuuuu 
035 |a CL0407459 
035 |a urn:nbn:sk:snk-ab79zb 
035 |a (uuid)6bc59ba2-ff78-4c1c-93ba-2e18600add77 
035 |a (urnnbn)urn:nbn:sk:snk:ar-a07cw1 
035 |a (sysno)vtls000407335 
040 |a SNKBUCL  |b slo  |c SNKBUCL  |e AACR2 
041 0 |a cze 
044 |a xo  |c SK 
080 |a 73/76.025.4"18-19"  |2 1981 
080 |a 719  |2 1981 
100 1 |a Nejedlý, Vratislav,  |d 1950-  |4 aut  |9 119901 
245 1 0 |a Poznámky k některým problémům v oblasti restaurování  |c Vratislav Nejedlý 
300 |b Obr. 5. 
650 0 7 |a výtvarné umenie  |2 snkbucl  |9 723 
650 0 7 |a reštaurátorstvo  |2 snkbucl  |9 18959 
655 7 |a články z novín a časopisov  |2 snkbucl  |9 267496 
773 0 |t Pamiatky súčasnosť  |g Roč. 1(21), č. 4 (1990), s. 4-5 
850 |a Slovenská národná knižnica v Martine  |a MTA001 
852 |a SNK  |b KIS3GCP 
954 |a odborná, vedecká literatúra pôvodná (slovenská)  |2 lita 
954 |a odborná, vedecká literatúra cudzojazyčná (svetová)  |2 lita 
958 |a RK 
958 |a OND 
958 |a EUIPO 
958 |a article27 
992 |a RBX 
999 |c 3225513  |d 3227443